[Event "IMP Kobiet do lat 20"]
[Site "Chotowa"]
[Date "2023.10.31"]
[Round "4.1"]
[White "Starosta, Martyna"]
[Black "Zabrzanska, Weronika"]
[Result "1-0"]
[BlackElo "1915"]
[WhiteElo "2180"]
[LiveChessVersion "1.4.8"]

1. e4 {[%clk 1:30:57]} e5 {[%clk 1:30:36]} 2. Nf3 {[%clk 1:31:24]} Nc6
{[%clk 1:30:56]} 3. d4 {[%clk 1:31:50]} exd4 {[%clk 1:30:42]} 4. Nxd4
{[%clk 1:32:16]} Bc5 {[%clk 1:30:53]} 5. Nb3 {[%clk 1:32:38]} Bb6
{[%clk 1:30:25]} 6. Nc3 {[%clk 1:32:55]} Nf6 {[%clk 1:30:36]} 7. Qf3
{[%clk 1:33:18]} O-O {[%clk 1:13:01]} 8. Bg5 {[%clk 1:33:40]} Ne5
{[%clk 1:10:29]} 9. Qf4 {[%clk 1:33:47]} Neg4 {[%clk 1:04:29]} 10. Bh4
{[%clk 1:18:10]} d6 {[%clk 0:32:44]} 11. h3 {[%clk 1:07:31]} Ne5 {[%clk 0:32:41]}
12. Bxf6 {[%clk 1:06:12]} Qxf6 {[%clk 0:32:57]} 13. Qxf6 {[%clk 1:06:29]} gxf6
{[%clk 0:33:21]} 14. Nd5 {[%clk 1:03:33]} Kg7 {[%clk 0:31:46]} 15. f4
{[%clk 0:56:50]} Nc6 {[%clk 0:28:22]} 16. Bd3 {[%clk 0:53:50]} Be6
{[%clk 0:25:57]} 17. Kd2 {[%clk 0:46:47]} Rae8 {[%clk 0:19:10]} 18. Nxb6
{[%clk 0:40:03]} axb6 {[%clk 0:19:14]} 19. Nc1 {[%clk 0:38:50]} d5
{[%clk 0:14:26]} 20. Ne2 {[%clk 0:36:11]} Rd8 {[%clk 0:12:20]} 21. Kc3
{[%clk 0:33:36]} Ne7 {[%clk 0:10:25]} 22. Rad1 {[%clk 0:25:11]} dxe4
{[%clk 0:06:16]} 23. Bxe4 {[%clk 0:25:36]} Bd5 {[%clk 0:06:30]} 24. Bd3
{[%clk 0:24:56]} c5 {[%clk 0:05:46]} 25. b3 {[%clk 0:21:31]} Bc6 {[%clk 0:04:52]}
26. a4 {[%clk 0:11:00]} Rfe8 {[%clk 0:03:55]} 27. Rde1 {[%clk 0:07:36]} Nd5+
{[%clk 0:03:24]} 28. Kb2 {[%clk 0:06:57]} Re3 {[%clk 0:02:59]} 29. Ref1
{[%clk 0:06:01]} Nb4 {[%clk 0:02:43]} 30. Nc1 {[%clk 0:06:02]} Kf8
{[%clk 0:01:34]} 31. Rf2 {[%clk 0:05:57]} Nxd3+ {[%clk 0:01:12]} 32. Nxd3
{[%clk 0:06:20]} Be4 {[%clk 0:01:23]} 33. Rd1 {[%clk 0:03:34]} Bxd3
{[%clk 0:01:25]} 34. Rfd2 {[%clk 0:03:50]} Rg3 {[%clk 0:00:49]} 35. Rxd3
{[%clk 0:04:00]} Rdxd3 {[%clk 0:00:57]} 36. Rxd3 {[%clk 0:04:29]} Rxd3
{[%clk 0:00:35]} 37. cxd3 {[%clk 0:04:57]} Ke7 {[%clk 0:00:48]} 38. Kc3
{[%clk 0:04:20]} Kd6 {[%clk 0:00:40]} 39. Kc4 {[%clk 0:04:30]} Kc6
{[%clk 0:00:34]} 40. g4 {[%clk 0:32:09]} h6 {[%clk 0:30:36]} 41. f5
{[%clk 0:28:25]} b5+ {[%clk 0:28:15]} 42. axb5+ {[%clk 0:27:30]} Kd6
{[%clk 0:28:34]} 43. b4 {[%clk 0:14:09]} cxb4 {[%clk 0:28:16]} 44. Kxb4
{[%clk 0:14:32]} b6 {[%clk 0:27:20]} 45. Kc4 {[%clk 0:13:12]} Ke5
{[%clk 0:26:47]} 46. h4 {[%clk 0:13:06]} Kd6 {[%clk 0:24:18]} 47. Kd4
{[%clk 0:13:31]} Ke7 {[%clk 0:24:03]} 48. Ke4 {[%clk 0:12:23]} Kd7
{[%clk 0:17:19]} 49. Kf4 {[%clk 0:10:05]} Kd6 {[%clk 0:17:44]} 50. g5
{[%clk 0:09:54]} fxg5+ {[%clk 0:17:18]} 51. hxg5 {[%clk 0:10:18]} hxg5+
{[%clk 0:17:43]} 52. Kxg5 {[%clk 0:10:44]} Ke5 {[%clk 0:16:43]} 53. f6
{[%clk 0:10:45]} Ke6 {[%clk 0:16:42]} 54. d4 {[%clk 0:11:09]} Kd6
{[%clk 0:15:40]} 55. Kh6 {[%clk 0:11:28]} Kd5 {[%clk 0:15:05]} 56. Kg7
{[%clk 0:11:46]} Ke6 {[%clk 0:15:31]} 57. d5+ {[%clk 0:12:11]} Kxd5
{[%clk 0:15:50]} 58. Kxf7 {[%clk 0:12:34]} 1-0

[Event "IMP Kobiet do lat 20"]
[Site "Chotowa"]
[Date "2023.10.31"]
[Round "4.2"]
[White "Matskevich, Varvara"]
[Black "Hertlein, Irena"]
[Result "0-1"]
[BlackElo "1952"]
[WhiteElo "1722"]
[LiveChessVersion "1.4.8"]

1. e4 {[%clk 1:30:55]} c5 {[%clk 1:30:24]} 2. c3 {[%clk 1:31:15]} d5
{[%clk 1:30:20]} 3. exd5 {[%clk 1:31:31]} Qxd5 {[%clk 1:30:42]} 4. d4
{[%clk 1:31:44]} Nf6 {[%clk 1:30:33]} 5. Nf3 {[%clk 1:31:29]} Bg4
{[%clk 1:30:42]} 6. Be2 {[%clk 1:30:45]} e6 {[%clk 1:29:40]} 7. h3
{[%clk 1:26:44]} Bh5 {[%clk 1:29:14]} 8. O-O {[%clk 1:16:44]} Nc6
{[%clk 1:27:33]} 9. Be3 {[%clk 1:14:52]} cxd4 {[%clk 1:26:57]} 10. cxd4
{[%clk 1:11:47]} Be7 {[%clk 1:26:01]} 11. Nc3 {[%clk 1:11:01]} Qd6
{[%clk 1:25:59]} 12. Nb5 {[%clk 1:05:44]} Qb8 {[%clk 1:16:57]} 13. Ne5
{[%clk 0:50:00]} Bxe2 {[%clk 1:01:51]} 14. Qxe2 {[%clk 0:50:04]} Nb4
{[%clk 1:02:00]} 15. Bf4 {[%clk 0:43:50]} Nbd5 {[%clk 1:00:50]} 16. Bh2
{[%clk 0:43:32]} Qd8 {[%clk 0:59:49]} 17. f4 {[%clk 0:41:32]} O-O
{[%clk 0:52:49]} 18. Rac1 {[%clk 0:38:09]} Qb6 {[%clk 0:49:56]} 19. Rfd1
{[%clk 0:35:44]} Rac8 {[%clk 0:46:44]} 20. Nc3 {[%clk 0:29:45]} Rfd8
{[%clk 0:40:46]} 21. f5 {[%clk 0:25:11]} exf5 {[%clk 0:31:25]} 22. Qf2
{[%clk 0:11:12]} Qe6 {[%clk 0:21:24]} 23. Nxd5 {[%clk 0:07:52]} Nxd5
{[%clk 0:14:03]} 24. a3 {[%clk 0:03:04]} Bg5 {[%clk 0:07:45]} 25. Rxc8
{[%clk 0:03:24]} Rxc8 {[%clk 0:08:14]} 26. Re1 {[%clk 0:01:28]} Rc1
{[%clk 0:05:57]} 27. Rxc1 {[%clk 0:00:52]} Be3 {[%clk 0:05:23]} 28. Rc2
{[%clk 0:00:35]} Bxf2+ {[%clk 0:04:59]} 29. Kxf2 {[%clk 0:01:04]} f6
{[%clk 0:05:10]} 30. Nc4 {[%clk 0:00:44]} Qe4 {[%clk 0:04:59]} 31. Rc1
{[%clk 0:00:34]} b5 {[%clk 0:04:00]} 32. Nd6 {[%clk 0:00:50]} Qe3+
{[%clk 0:04:18]} 0-1

[Event "IMP Kobiet do lat 20"]
[Site "Chotowa"]
[Date "2023.10.31"]
[Round "4.3"]
[White "Goraj, Barbara"]
[Black "Kudlak, Julia"]
[Result "1/2-1/2"]
[BlackElo "1892"]
[WhiteElo "2135"]
[LiveChessVersion "1.4.8"]

1. Nf3 {[%clk 1:30:56]} e6 {[%clk 1:29:12]} 2. c4 {[%clk 1:31:02]} d5
{[%clk 1:28:15]} 3. g3 {[%clk 1:31:14]} Nf6 {[%clk 1:25:56]} 4. Bg2
{[%clk 1:31:04]} d4 {[%clk 1:24:11]} 5. e3 {[%clk 1:28:59]} c5 {[%clk 1:21:25]}
6. exd4 {[%clk 1:28:34]} cxd4 {[%clk 1:21:03]} 7. O-O {[%clk 1:28:11]} Nc6
{[%clk 1:20:00]} 8. Re1 {[%clk 1:27:46]} Bd6 {[%clk 1:17:53]} 9. d3
{[%clk 1:20:34]} O-O {[%clk 1:16:57]} 10. b3 {[%clk 1:12:39]} Re8
{[%clk 1:10:24]} 11. Na3 {[%clk 1:08:35]} Bb4 {[%clk 1:02:18]} 12. Re2
{[%clk 1:02:11]} e5 {[%clk 0:59:58]} 13. Bb2 {[%clk 0:52:45]} Bg4
{[%clk 0:53:54]} 14. h3 {[%clk 0:50:31]} Bh5 {[%clk 0:51:27]} 15. g4
{[%clk 0:47:32]} Bg6 {[%clk 0:44:37]} 16. Nh4 {[%clk 0:40:54]} Bxa3
{[%clk 0:38:26]} 17. Bxa3 {[%clk 0:38:49]} Ne4 {[%clk 0:38:04]} 18. Bxe4
{[%clk 0:35:23]} Bxe4 {[%clk 0:38:23]} 19. Rxe4 {[%clk 0:34:18]} Qxh4
{[%clk 0:38:35]} 20. Qf3 {[%clk 0:33:11]} Re6 {[%clk 0:35:54]} 21. Bc1
{[%clk 0:27:35]} Rf6 {[%clk 0:33:53]} 22. Qg2 {[%clk 0:26:40]} Rg6
{[%clk 0:31:42]} 23. g5 {[%clk 0:10:45]} Qh5 {[%clk 0:31:46]} 24. Rg4
{[%clk 0:09:50]} Rf8 {[%clk 0:25:07]} 25. f4 {[%clk 0:04:05]} f5 {[%clk 0:23:22]}
26. Rg3 {[%clk 0:03:42]} h6 {[%clk 0:17:31]} 27. Bd2 {[%clk 0:01:35]} hxg5
{[%clk 0:15:19]} 28. b4 {[%clk 0:00:40]} Re8 {[%clk 0:10:00]} 29. b5
{[%clk 0:00:44]} exf4 {[%clk 0:09:57]} 30. Bxf4 {[%clk 0:00:55]} Nb4
{[%clk 0:08:40]} 31. Rxg5 {[%clk 0:00:35]} Rxg5 {[%clk 0:08:15]} 32. Bxg5
{[%clk 0:00:54]} Re2 {[%clk 0:06:56]} 33. Qg3 {[%clk 0:01:14]} Nc2
{[%clk 0:03:25]} 34. Rf1 {[%clk 0:00:33]} Ne3 {[%clk 0:03:31]} 35. Bxe3
{[%clk 0:00:36]} Rxe3 {[%clk 0:03:48]} 36. Qb8+ {[%clk 0:00:35]} Kh7
{[%clk 0:04:00]} 37. Qf4 {[%clk 0:00:48]} Qxh3 {[%clk 0:01:07]} 38. Qxf5+
{[%clk 0:01:12]} Qxf5 {[%clk 0:01:26]} 39. Rxf5 {[%clk 0:01:38]} Kg6
{[%clk 0:00:54]} 40. Rd5 {[%clk 0:31:08]} Rxd3 {[%clk 0:30:46]} 41. Rd7
{[%clk 0:21:27]} Rd2 {[%clk 0:17:19]} 42. Rxb7 {[%clk 0:17:02]} Rxa2
{[%clk 0:11:34]} 43. Rd7 {[%clk 0:15:34]} Kf5 {[%clk 0:08:04]} 44. Rxd4
{[%clk 0:13:12]} Rc2 {[%clk 0:06:41]} 1/2-1/2

[Event "IMP Kobiet do lat 20"]
[Site "Chotowa"]
[Date "2023.10.31"]
[Round "4.4"]
[White "Waszczuk, Patrycja"]
[Black "Smietanska, Wiktoria"]
[Result "1/2-1/2"]
[BlackElo "2071"]
[WhiteElo "2248"]
[LiveChessVersion "1.4.8"]

1. c4 {[%clk 1:30:58]} e5 {[%clk 1:29:55]} 2. Nc3 {[%clk 1:31:23]} Nf6
{[%clk 1:29:57]} 3. Nf3 {[%clk 1:31:42]} Nc6 {[%clk 1:29:31]} 4. e4
{[%clk 1:32:04]} Bb4 {[%clk 1:27:45]} 5. d3 {[%clk 1:32:28]} d6 {[%clk 1:26:07]}
6. a3 {[%clk 1:32:52]} Bc5 {[%clk 1:24:30]} 7. b4 {[%clk 1:33:04]} Bb6
{[%clk 1:24:02]} 8. Be3 {[%clk 1:33:28]} O-O {[%clk 1:11:18]} 9. g3
{[%clk 1:28:43]} Bxe3 {[%clk 1:03:21]} 10. fxe3 {[%clk 1:29:05]} Ng4
{[%clk 1:03:05]} 11. Qe2 {[%clk 1:25:15]} f5 {[%clk 1:02:05]} 12. exf5
{[%clk 1:24:05]} Bxf5 {[%clk 1:02:08]} 13. Bg2 {[%clk 1:23:45]} Nf6
{[%clk 0:57:06]} 14. e4 {[%clk 1:11:26]} Bg4 {[%clk 0:54:25]} 15. O-O
{[%clk 1:10:14]} Qd7 {[%clk 0:51:31]} 16. Qa2 {[%clk 0:55:13]} Kh8
{[%clk 0:46:26]} 17. Ne2 {[%clk 0:52:56]} Nd8 {[%clk 0:37:16]} 18. Qd2
{[%clk 0:48:00]} Nf7 {[%clk 0:32:21]} 19. Qe3 {[%clk 0:43:23]} Bh3
{[%clk 0:31:27]} 20. Nh4 {[%clk 0:40:07]} Nh6 {[%clk 0:30:27]} 21. Nc3
{[%clk 0:35:25]} c6 {[%clk 0:19:50]} 22. Rad1 {[%clk 0:33:25]} Be6
{[%clk 0:17:30]} 23. Nf3 {[%clk 0:27:48]} Qc7 {[%clk 0:15:00]} 24. Kh1
{[%clk 0:25:02]} Nhg4 {[%clk 0:14:11]} 25. Qe2 {[%clk 0:24:39]} Rad8
{[%clk 0:13:26]} 26. h3 Nh6 {[%clk 0:13:42]} 27. g4 {[%clk 0:21:54]} Nf7
{[%clk 0:13:05]} 28. Nh4 {[%clk 0:19:33]} d5 {[%clk 0:12:15]} 29. Nf5
{[%clk 0:14:31]} g6 {[%clk 0:07:44]} 30. exd5 {[%clk 0:10:37]} cxd5
{[%clk 0:07:42]} 31. Ne3 {[%clk 0:10:59]} Kg7 {[%clk 0:03:57]} 32. Rxf6
{[%clk 0:09:58]} Kxf6 {[%clk 0:03:57]} 33. Nexd5+ {[%clk 0:10:14]} Bxd5
{[%clk 0:04:14]} 34. Nxd5+ {[%clk 0:10:42]} Rxd5 {[%clk 0:04:33]} 35. Bxd5
{[%clk 0:11:05]} Kg7 {[%clk 0:03:50]} 36. Rf1 {[%clk 0:11:15]} Ng5
{[%clk 0:01:41]} 37. h4 {[%clk 0:11:10]} Nh3 {[%clk 0:01:44]} 38. Rxf8
{[%clk 0:10:02]} Kxf8 {[%clk 0:02:07]} 39. Qf3+ {[%clk 0:04:45]} Nf4
{[%clk 0:02:31]} 40. Bxb7 {[%clk 0:33:23]} Qd8 {[%clk 0:32:37]} 41. g5
{[%clk 0:25:51]} Qd4 {[%clk 0:31:56]} 42. Qf1 {[%clk 0:11:36]} Qe3
{[%clk 0:28:19]} 43. Bf3 {[%clk 0:10:20]} Nxd3 {[%clk 0:24:34]} 44. Bg2+
{[%clk 0:07:31]} Ke8 {[%clk 0:12:24]} 45. Bc6+ {[%clk 0:04:57]} Kd8
{[%clk 0:12:38]} 46. Bd5 {[%clk 0:02:16]} Nf4 {[%clk 0:09:46]} 47. Bg2
{[%clk 0:02:09]} Qg3 {[%clk 0:08:37]} 48. Qd1+ {[%clk 0:01:47]} Kc8
{[%clk 0:07:53]} 49. Qf3 {[%clk 0:01:42]} Qxh4+ {[%clk 0:07:20]} 50. Kg1
{[%clk 0:01:55]} Nxg2 {[%clk 0:05:41]} 51. Qa8+ {[%clk 0:02:06]} Kc7
{[%clk 0:05:54]} 52. Qxa7+ {[%clk 0:02:30]} Kc8 {[%clk 0:05:42]} 53. Qc5+
{[%clk 0:02:24]} Kb7 {[%clk 0:05:30]} 54. Qd5+ {[%clk 0:02:29]} Ka7
{[%clk 0:05:41]} 55. Qd7+ {[%clk 0:01:50]} Kb8 {[%clk 0:05:45]} 56. Qd8+
{[%clk 0:02:01]} Kb7 {[%clk 0:06:03]} 57. Kxg2 {[%clk 0:01:40]} Qg4+
{[%clk 0:06:03]} 58. Kf2 {[%clk 0:02:06]} Qf4+ {[%clk 0:06:06]} 59. Ke2
{[%clk 0:02:10]} Qxc4+ {[%clk 0:06:21]} 60. Qd3 {[%clk 0:02:15]} Qa2+
{[%clk 0:04:30]} 61. Ke3 {[%clk 0:02:37]} Qh2 {[%clk 0:04:35]} 62. Qb5+
{[%clk 0:02:50]} Kc7 {[%clk 0:04:44]} 63. Qc5+ {[%clk 0:03:13]} Kb7
{[%clk 0:04:35]} 64. Kd3 {[%clk 0:02:08]} Qf4 {[%clk 0:02:54]} 65. Qe3
{[%clk 0:02:00]} Qf5+ {[%clk 0:02:25]} 66. Kc3 {[%clk 0:02:13]} Qc8+
{[%clk 0:02:25]} 67. Kb3 {[%clk 0:01:53]} Qe6+ {[%clk 0:02:48]} 68. Kb2
{[%clk 0:02:10]} Qd5 {[%clk 0:02:36]} 69. a4 {[%clk 0:01:57]} Qc4
{[%clk 0:02:01]} 70. Ka3 {[%clk 0:01:43]} Qf4 {[%clk 0:02:03]} 71. Qc3
{[%clk 0:01:09]} e4 {[%clk 0:02:10]} 72. Qg7+ {[%clk 0:01:17]} Kb8
{[%clk 0:02:07]} 73. Qg8+ {[%clk 0:01:36]} Kb7 {[%clk 0:02:30]} 74. Qxh7+
{[%clk 0:01:56]} Kb8 {[%clk 0:02:49]} 75. Qg8+ {[%clk 0:02:12]} Kb7
{[%clk 0:02:48]} 76. Qd5+ {[%clk 0:02:36]} Kb8 {[%clk 0:03:07]} 77. Qb5+
{[%clk 0:02:17]} Ka8 {[%clk 0:02:51]} 78. Qe8+ {[%clk 0:02:19]} Kb7
{[%clk 0:03:00]} 79. Qe7+ {[%clk 0:02:42]} Kb8 {[%clk 0:02:56]} 80. b5
{[%clk 0:01:54]} Qe3+ {[%clk 0:00:57]} 81. Kb4 {[%clk 0:01:44]} Qd2+
{[%clk 0:01:18]} 82. Kc5 {[%clk 0:01:10]} Qe3+ {[%clk 0:00:44]} 83. Kc6
{[%clk 0:01:00]} Qc3+ {[%clk 0:01:02]} 84. Kb6 {[%clk 0:00:54]} Qd4+
{[%clk 0:01:23]} 85. Ka5 {[%clk 0:01:07]} e3 {[%clk 0:00:54]} 86. Qe8+
{[%clk 0:01:23]} Kb7 {[%clk 0:01:18]} 87. Qc6+ {[%clk 0:01:34]} Kb8
{[%clk 0:01:40]} 88. Qe8+ {[%clk 0:01:31]} Kb7 {[%clk 0:02:03]} 89. Qe7+
{[%clk 0:01:36]} Kb8 {[%clk 0:02:15]} 90. Qf8+ {[%clk 0:01:12]} Kb7
{[%clk 0:02:33]} 91. Qf3+ {[%clk 0:01:35]} Kb8 {[%clk 0:02:45]} 92. Qg3+
{[%clk 0:01:42]} Kb7 {[%clk 0:03:05]} 93. Qf3+ {[%clk 0:01:30]} Kb8
{[%clk 0:03:28]} 94. Qf8+ {[%clk 0:01:57]} Kb7 {[%clk 0:03:46]} 95. Qe7+
{[%clk 0:02:25]} Kb8 {[%clk 0:03:15]} 96. Qe8+ {[%clk 0:02:49]} 1/2-1/2

[Event "IMP Kobiet do lat 20"]
[Site "Chotowa"]
[Date "2023.10.31"]
[Round "4.5"]
[White "Barwinska, Ewa"]
[Black "Jarocka, Liwia"]
[Result "1-0"]
[BlackElo "2208"]
[WhiteElo "1974"]
[LiveChessVersion "1.4.8"]

1. e4 {[%clk 1:30:58]} c5 {[%clk 1:30:54]} 2. Nf3 {[%clk 1:31:02]} d6
{[%clk 1:31:14]} 3. d4 {[%clk 1:31:19]} cxd4 {[%clk 1:31:37]} 4. Nxd4
{[%clk 1:31:40]} Nf6 {[%clk 1:32:02]} 5. Nc3 {[%clk 1:32:02]} Nc6
{[%clk 1:32:27]} 6. Bg5 {[%clk 1:32:12]} e6 {[%clk 1:32:23]} 7. Qd2
{[%clk 1:32:18]} a6 {[%clk 1:32:46]} 8. O-O-O {[%clk 1:32:28]} Bd7
{[%clk 1:33:10]} 9. f4 {[%clk 1:28:18]} Be7 {[%clk 1:32:52]} 10. Be2
{[%clk 1:20:20]} h6 {[%clk 1:27:50]} 11. Bh4 {[%clk 1:17:35]} Qa5
{[%clk 1:11:57]} 12. Nb3 {[%clk 1:08:18]} Qc7 {[%clk 1:11:53]} 13. Bf3
{[%clk 1:05:47]} Rc8 {[%clk 1:09:38]} 14. Rhe1 {[%clk 1:01:56]} Rd8
{[%clk 0:58:41]} 15. Qe2 {[%clk 0:55:36]} g5 {[%clk 0:58:16]} 16. e5
{[%clk 0:45:19]} gxh4 {[%clk 0:51:57]} 17. exf6 {[%clk 0:45:14]} Bxf6
{[%clk 0:52:21]} 18. Nd5 {[%clk 0:43:52]} Bxb2+ {[%clk 0:46:54]} 19. Kxb2
{[%clk 0:44:13]} Qb8 {[%clk 0:47:20]} 20. Nf6+ {[%clk 0:40:14]} Ke7
{[%clk 0:45:23]} 21. Nxd7 {[%clk 0:39:33]} Rxd7 {[%clk 0:45:43]} 22. Qf2
{[%clk 0:37:56]} Rc8 {[%clk 0:45:45]} 23. Qxh4+ {[%clk 0:36:18]} Ke8
{[%clk 0:46:09]} 24. Qf6 {[%clk 0:29:04]} Re7 {[%clk 0:43:24]} 25. Nc5
{[%clk 0:24:11]} Kd8 {[%clk 0:43:25]} 26. Rxd6+ {[%clk 0:21:27]} Qxd6
{[%clk 0:43:17]} 27. Nxb7+ {[%clk 0:21:39]} 1-0

[Event "IMP Kobiet do lat 20"]
[Site "Chotowa"]
[Date "2023.10.31"]
[Round "4.6"]
[White "Siekanska, Maria"]
[Black "Szczotka, Klara"]
[Result "1-0"]
[BlackElo "2020"]
[WhiteElo "2065"]
[LiveChessVersion "1.4.8"]

1. d4 {[%clk 1:30:58]} Nf6 {[%clk 1:30:18]} 2. g3 {[%clk 1:31:07]} e6
{[%clk 1:29:40]} 3. Bg2 {[%clk 1:31:31]} d5 {[%clk 1:30:07]} 4. Nf3
{[%clk 1:31:51]} Bb4+ {[%clk 1:28:57]} 5. c3 {[%clk 1:32:09]} Be7
{[%clk 1:29:15]} 6. O-O {[%clk 1:32:22]} O-O {[%clk 1:28:59]} 7. c4
{[%clk 1:32:41]} dxc4 {[%clk 1:27:26]} 8. Qc2 {[%clk 1:32:16]} b5
{[%clk 1:19:14]} 9. a4 {[%clk 1:32:26]} c6 {[%clk 1:18:04]} 10. axb5
{[%clk 1:32:16]} Qb6 {[%clk 1:13:07]} 11. bxc6 {[%clk 1:29:51]} Nxc6
{[%clk 1:11:02]} 12. Nbd2 {[%clk 1:29:13]} Nb4 {[%clk 1:03:49]} 13. Qd1
{[%clk 1:11:39]} Ba6 {[%clk 1:00:47]} 14. Ne5 {[%clk 1:06:01]} Rac8
{[%clk 0:58:48]} 15. Ndf3 {[%clk 1:05:09]} Bb5 {[%clk 0:54:04]} 16. Bd2
{[%clk 0:59:50]} Ne4 {[%clk 0:48:16]} 17. Bc3 {[%clk 0:57:28]} f6
{[%clk 0:42:25]} 18. Ng4 {[%clk 0:56:41]} Nd5 {[%clk 0:40:40]} 19. Ba5
{[%clk 0:53:47]} Qb8 {[%clk 0:39:16]} 20. Ne1 {[%clk 0:50:09]} f5
{[%clk 0:31:15]} 21. Bxe4 {[%clk 0:31:40]} fxe4 {[%clk 0:31:08]} 22. Qc2
{[%clk 0:31:07]} h5 {[%clk 0:04:09]} 23. Qxe4 {[%clk 0:27:31]} Qd6
{[%clk 0:00:59]} 24. Ne5 {[%clk 0:26:28]} h4 {[%clk 0:00:36]} 25. Ng6
{[%clk 0:25:14]} Rf6 {[%clk 0:00:39]} 26. Nxe7+ {[%clk 0:25:10]} Nxe7
{[%clk 0:00:56]} 27. Nf3 {[%clk 0:24:17]} hxg3 {[%clk 0:00:36]} 28. fxg3
{[%clk 0:24:31]} Nf5 {[%clk 0:00:40]} 29. Bd2 {[%clk 0:23:12]} Bc6
{[%clk 0:00:37]} 30. Qe5 {[%clk 0:22:24]} Qd7 {[%clk 0:00:31]} 31. e4
{[%clk 0:21:52]} Nd6 {[%clk 0:00:40]} 32. Ng5 {[%clk 0:21:57]} Nf7
{[%clk 0:00:48]} 33. Nxf7 {[%clk 0:18:34]} Qxf7 {[%clk 0:00:44]} 34. Bc3
{[%clk 0:17:54]} Rf8 {[%clk 0:00:44]} 35. Rxf6 {[%clk 0:17:59]} Qxf6
{[%clk 0:00:58]} 36. Qxf6 {[%clk 0:17:26]} gxf6 37. Ra6 Bxe4 {[%clk 0:00:36]} 38.
Rxe6 {[%clk 0:17:48]} f5 {[%clk 0:00:33]} 39. Kf2 {[%clk 0:17:23]} Kf7
{[%clk 0:00:34]} 40. Ra6 {[%clk 0:47:40]} Ra8 {[%clk 0:30:42]} 41. Ke3
{[%clk 0:46:59]} Ke7 {[%clk 0:29:25]} 42. Kf4 {[%clk 0:46:15]} Bd3
{[%clk 0:27:54]} 43. h4 {[%clk 0:44:25]} Rg8 {[%clk 0:26:57]} 44. Rxa7+
{[%clk 0:43:42]} Ke6 {[%clk 0:27:20]} 45. Ra6+ {[%clk 0:43:10]} Kf7
{[%clk 0:25:06]} 46. h5 {[%clk 0:39:22]} Rg4+ {[%clk 0:24:17]} 47. Ke5
{[%clk 0:39:22]} Re4+ {[%clk 0:21:05]} 48. Kd5 {[%clk 0:39:41]} f4
{[%clk 0:21:09]} 49. gxf4 {[%clk 0:38:19]} Rxf4 {[%clk 0:21:30]} 50. Ra7+
{[%clk 0:36:28]} Kg8 {[%clk 0:18:16]} 51. Ke6 {[%clk 0:35:48]} Re4+
{[%clk 0:17:45]} 52. Kd6 {[%clk 0:34:36]} Rh4 {[%clk 0:13:48]} 53. d5
{[%clk 0:33:33]} Rxh5 {[%clk 0:12:52]} 54. Ke6 {[%clk 0:33:45]} Bf5+
{[%clk 0:09:27]} 55. Kf6 {[%clk 0:32:51]} Bc8 {[%clk 0:05:32]} 56. Rg7+
{[%clk 0:32:10]} 1-0

[Event "IMP Kobiet do lat 20"]
[Site "Chotowa"]
[Date "2023.10.31"]
[Round "4.7"]
[White "Gaszka, Zuzanna"]
[Black "Sprzeczka, Emilia"]
[Result "0-1"]
[BlackElo "1865"]
[WhiteElo "1758"]
[LiveChessVersion "1.4.8"]

1. e4 {[%clk 1:30:58]} e5 {[%clk 1:30:54]} 2. Nf3 {[%clk 1:31:23]} Nc6
{[%clk 1:31:20]} 3. Bc4 {[%clk 1:31:48]} Bc5 {[%clk 1:31:45]} 4. c3
{[%clk 1:32:08]} Nf6 {[%clk 1:31:56]} 5. d3 {[%clk 1:32:19]} O-O {[%clk 1:32:13]}
6. O-O {[%clk 1:32:02]} d5 {[%clk 1:32:22]} 7. exd5 {[%clk 1:31:51]} Nxd5
{[%clk 1:32:44]} 8. Re1 {[%clk 1:31:58]} Bg4 {[%clk 1:32:50]} 9. h3
{[%clk 1:31:20]} Bh5 {[%clk 1:33:09]} 10. a4 {[%clk 1:29:54]} a6 {[%clk 1:27:42]}
11. a5 {[%clk 1:26:36]} Kh8 {[%clk 1:22:15]} 12. Nbd2 {[%clk 1:23:12]} f6
{[%clk 1:12:46]} 13. Ne4 {[%clk 1:17:24]} Ba7 {[%clk 0:59:42]} 14. Ng3
{[%clk 1:15:23]} Bg6 {[%clk 0:54:56]} 15. Nh4 {[%clk 0:56:15]} Be8
{[%clk 0:50:22]} 16. Nhf5 {[%clk 0:53:09]} Nce7 {[%clk 0:42:52]} 17. Qg4
{[%clk 0:40:16]} Nxf5 {[%clk 0:37:51]} 18. Nxf5 {[%clk 0:39:29]} g6
{[%clk 0:33:46]} 19. Bh6 {[%clk 0:33:33]} Rf7 {[%clk 0:20:46]} 20. Ne3
{[%clk 0:29:32]} Bc6 {[%clk 0:17:32]} 21. Nxd5 {[%clk 0:27:29]} Bxd5
{[%clk 0:17:55]} 22. Be3 {[%clk 0:27:20]} f5 {[%clk 0:15:34]} 23. Qe2
{[%clk 0:26:27]} Bxe3 {[%clk 0:13:38]} 24. Qxe3 {[%clk 0:26:00]} Re7
{[%clk 0:13:05]} 25. Qc5 {[%clk 0:24:47]} Bxc4 {[%clk 0:12:19]} 26. dxc4
{[%clk 0:22:59]} Qd6 {[%clk 0:11:00]} 27. Qxd6 {[%clk 0:15:46]} cxd6
{[%clk 0:11:23]} 28. Rad1 {[%clk 0:16:13]} Rd8 {[%clk 0:11:24]} 29. Rd5
{[%clk 0:15:55]} Red7 {[%clk 0:09:34]} 30. Red1 {[%clk 0:15:18]} Kg7
{[%clk 0:08:55]} 31. c5 {[%clk 0:11:50]} Kf7 {[%clk 0:08:56]} 32. cxd6
{[%clk 0:09:53]} Ke6 {[%clk 0:08:39]} 33. Rc5 {[%clk 0:09:13]} Rxd6
{[%clk 0:08:47]} 34. Rxd6+ {[%clk 0:08:12]} Rxd6 {[%clk 0:07:35]} 35. Kf1
{[%clk 0:07:33]} Rc6 {[%clk 0:04:07]} 36. Rxc6+ {[%clk 0:07:30]} bxc6
{[%clk 0:04:32]} 37. Ke2 {[%clk 0:05:06]} Kd5 {[%clk 0:04:44]} 38. b3
{[%clk 0:02:20]} Kc5 {[%clk 0:04:09]} 39. f3 {[%clk 0:01:43]} Kb5
{[%clk 0:04:05]} 40. b4 {[%clk 0:31:34]} Kc4 {[%clk 0:32:58]} 41. Kd2
{[%clk 0:31:48]} e4 {[%clk 0:24:38]} 42. fxe4 {[%clk 0:31:54]} fxe4
{[%clk 0:24:59]} 43. h4 {[%clk 0:32:08]} e3+ {[%clk 0:22:47]} 44. Kxe3
{[%clk 0:32:31]} Kxc3 {[%clk 0:23:11]} 0-1